PHARMACEUTICAL CHEMISTRY INORGANIC VOL-I (Record no. 7485)

MARC details
000 -LEADER
fixed length control field 00445nam a22001697a 4500
005 - DATE AND TIME OF LATEST TRANSACTION
control field 20230119110014.0
008 - FIXED-LENGTH DATA ELEMENTS--GENERAL INFORMATION
fixed length control field 210301b ||||| |||| 00| 0 eng d
020 ## - INTERNATIONAL STANDARD BOOK NUMBER
ISBN 9789350974414
041 ## - LANGUAGE CODE
Language code of text/sound track or separate title eng
082 ## - DEWEY DECIMAL CLASSIFICATION NUMBER
Classification number 61.19 CHA-P
100 ## - MAIN ENTRY--AUTHOR NAME
Personal name CHATWAL, G.R
245 ## - TITLE STATEMENT
Title PHARMACEUTICAL CHEMISTRY INORGANIC VOL-I
260 ## - PUBLICATION, DISTRIBUTION, ETC. (IMPRINT)
Place of publication MUMBAI
Name of publisher HIMALAYA PUBLISHING HOUSE
Year of publication 2021
300 ## - PHYSICAL DESCRIPTION
Number of Pages 469, P.
650 ## - SUBJECT ADDED ENTRY--TOPICAL TERM
Topical Term PHARMACY
General subdivision B.PHARMA
942 ## - ADDED ENTRY ELEMENTS (KOHA)
Koha item type Books
Holdings
Lost status Damaged status Collection code Home library Current library Shelving location Date acquired Source of acquisition Cost, normal purchase price Full call number Accession Number Koha item type
    Reference JRU Library JRU Library SHELF-5-A 01/03/2021 PERCHES- 1908/17-02-2021 498.00 615.19 25670 Books
    PHARMACY JRU Library JRU Library SHELF-17-E 01/03/2021 PERCHES- 1908/17-02-2021 498.00 615.19 25671 Books
    PHARMACY JRU Library JRU Library SHELF-17-E 01/03/2021 PERCHES- 1908/17-02-2021 498.00 615.19 25672 Books
    PHARMACY JRU Library JRU Library SHELF-17-E 01/03/2021 PERCHES- 1908/17-02-2021 498.00 615.19 25673 Books
    PHARMACY JRU Library JRU Library SHELF-17-E 01/03/2021 PERCHES- 1908/17-02-2021 498.00 615.19 25674 Books